00367nam a2200109Ia 4500008004100000020001900041082002000060245002500080942001200105999001900117952012100136210430s9999 xx 000 0 und d a3119-3119-3119 a891.439 B9328 P aPitras Kay Mazameen  cBK2ddc c563940d563940 001040708NFICaSCMEbSCMEcGENd0009-05-11l1o891.439 B9328 PpSCME-3119r2023-10-11s2023-09-28w2021-04-30yBK